| 000 | 01085nam a22002055i 4500 | ||
|---|---|---|---|
| 001 | 160532 | ||
| 003 | ES-MaACL | ||
| 005 | 20250824063728.0 | ||
| 008 | 990726s1846 sp |||| | spa d | ||
| 040 |
_aCCPB | B _bspa _cCCPB | B |
||
| 100 | 1 |
_aNavarrete, Ramón de, _d1818-1897 _985042 |
|
| 245 | 1 | 0 |
_aYerros de la juventud _b: comedia en un acto / _carreglada al teatro español por Ramon de Navarrete. |
| 260 |
_aMadrid : _b[Manuel Delgado], _c1846 ( _fImprenta de José Repullés) |
||
| 300 |
_a33 p. ; _c19 cm. |
||
| 490 | 1 |
_aGalería dramática. Coleccion de las mejores obras del Teatro Moderno Estrangero ; _v31 |
|
| 596 | _aNombre del ed. serie tomados de la cub. | ||
| 830 | 0 | 0 |
_aGalería dramática: colección de las mejores obras del teatro moderno estrangero _v31 _9188549 |
| 852 |
_aES-MaACL _jF-8621(5) _z-- Enc. pasta española _q-- Falto de la cub. original _z-- Enc. en un vol. facticio formando parte de la col. facticia "Teatro español moderno", vol. 76 _z.- Dedicatoria manuscrita del traductor "A su querida mamá" |
||
| 999 |
_c160532 _d160532 |
||